El problema de las oposiciones en España / (Record no. 105170)

MARC details
000 -LEADER
campo de control de longitud fija 00707nam a22002411 4500
001 - NÚMERO DE CONTROL
campo de control 105170
003 - IDENTIFICADOR DE NÚMERO DE CONTROL
campo de control ES-MaACL
005 - FECHA Y HORA DE LA ÚLTIMA TRANSACCIÓN
campo de control 20230906183813.0
007 - CAMPO FIJO DE DESCRIPCIÓN FÍSICA--INFORMACIÓN GENERAL
campo de control de longitud fija t|
008 - DATOS DE LONGITUD FIJA--INFORMACIÓN GENERAL
campo de control de longitud fija 060615s1957 sp ||||0| spa d
016 7# - NÚMERO DE CONTROL DE UNA AGENCIA BIBLIOGRÁFICA NACIONAL
Número de control cancelado/no válido IND9200523435
040 ## - FUENTE DE CATALOGACIÓN
Centro catalogador/agencia de origen M-BN
Lengua de catalogación spa
Centro/agencia transcriptor A2
080 ## - NÚMERO DE LA CLASIFICACIÓN DECIMAL UNIVERSAL
Número de la Clasificación Decimal Universal 35(46).082.1
100 1# - ENTRADA PRINCIPAL--NOMBRE DE PERSONA
Nombre de persona López Medel, Jesús.
9 (RLIN) 73768
245 13 - MENCIÓN DEL TÍTULO
Título El problema de las oposiciones en España /
Mención de responsabilidad, etc. Jesús López Medel.
260 ## - PUBLICACIÓN, DISTRIBUCIÓN, ETC.
Lugar de publicación, distribución, etc. Madrid :
Nombre del editor, distribuidor, etc. Euramérica,
Fecha de publicación, distribución, etc. [1957] (
Fabricante Sèz)
300 ## - DESCRIPCIÓN FÍSICA
Extensión 202 p ;
Dimensiones 18 cm.
490 1# - MENCIÓN DE SERIE
Mención de serie Por un mundo mejor ;
Designación de volumen o secuencia 24
650 14 - PUNTO DE ACCESO ADICIONAL DE MATERIA--TÉRMINO DE MATERIA
Término de materia o nombre geográfico como elemento de entrada Oposiciones.
9 (RLIN) 15725
830 0# - PUNTO DE ACCESO ADICIONAL DE SERIE-TÍTULO UNIFORME
Título uniforme Por un mundo mejor ;
Designación de volumen o secuencia 24
9 (RLIN) 182683
852 ## - LOCALIZACIÓN
Ubicación ES-MaACL
Número de control de estantería C-12459
Sublocalización o colección R.40770
Holdings
Estatus retirado Estado de pérdida Estado de daño No para préstamo Biblioteca de origen Biblioteca actual Ubicación en estantería Fecha de adquisición Fuente de adquisición Total de préstamos Signatura topográfica completa Código de barras Visto por última vez Precio de reemplazo Tipo de ítem Koha
        Biblioteca del Ateneo de Madrid Biblioteca del Ateneo de Madrid Sala Palomar 17/01/2008     C-12459 1109800 23/02/2023 23/02/2023 Libro impreso